<?xml version="1.0" encoding="UTF-8"?><?xml-stylesheet type="text/xsl" href="static/style.xsl"?><OAI-PMH xmlns="http://www.openarchives.org/OAI/2.0/" xmlns:xsi="http://www.w3.org/2001/XMLSchema-instance" xsi:schemaLocation="http://www.openarchives.org/OAI/2.0/ http://www.openarchives.org/OAI/2.0/OAI-PMH.xsd"><responseDate>2026-04-27T22:02:45Z</responseDate><request verb="GetRecord" identifier="oai:uvadoc.uva.es:10324/75357" metadataPrefix="marc">https://uvadoc.uva.es/oai/request</request><GetRecord><record><header><identifier>oai:uvadoc.uva.es:10324/75357</identifier><datestamp>2025-03-18T20:02:09Z</datestamp><setSpec>com_10324_38</setSpec><setSpec>col_10324_852</setSpec></header><metadata><record xmlns="http://www.loc.gov/MARC21/slim" xmlns:doc="http://www.lyncode.com/xoai" xmlns:xsi="http://www.w3.org/2001/XMLSchema-instance" xmlns:dcterms="http://purl.org/dc/terms/" xsi:schemaLocation="http://www.loc.gov/MARC21/slim http://www.loc.gov/standards/marcxml/schema/MARC21slim.xsd">
<leader>00925njm 22002777a 4500</leader>
<datafield tag="042" ind1=" " ind2=" ">
<subfield code="a">dc</subfield>
</datafield>
<datafield tag="720" ind1=" " ind2=" ">
<subfield code="a">Campos Marco, Claudia</subfield>
<subfield code="e">author</subfield>
</datafield>
<datafield tag="260" ind1=" " ind2=" ">
<subfield code="c">2024</subfield>
</datafield>
<datafield tag="520" ind1=" " ind2=" ">
<subfield code="a">El objetivo principal de este trabajo es observar cómo la educación toma un papel imprescindible para el desarrollo óptimo de un país. Para ello, es necesario estudiar la perspectiva desde un punto de vista de países con escasos recursos. Por lo tanto, se investigará la visión de países en vías de desarrollo y subdesarrollados y más en específico, se analizará el ámbito educativo (sistemas educativos) de Bolivia y de República Democrática del Congo.</subfield>
</datafield>
<datafield tag="024" ind2=" " ind1="8">
<subfield code="a">https://uvadoc.uva.es/handle/10324/75357</subfield>
</datafield>
<datafield tag="245" ind1="0" ind2="0">
<subfield code="a">La educación como instrumento de mejora de un país. Análisis comparativo del sistema educativo de Bolivia y República Democrática del Congo</subfield>
</datafield>
</record></metadata></record></GetRecord></OAI-PMH>